Detalles MARC
| 000 -LÍDER |
| Campo fijo de descripción fija |
02223cam a2200337 i 4500 |
| 001 - NÚMERO DE CONTROL |
| Campo de control |
869268819 |
| 003 - IDENTIFICADOR DEL NÚMERO DE CONTROL |
| Campo de control |
CO-MdFUSB |
| 005 - FECHA Y HORA DE LA ULTIMA TRANSACCIÓN |
| control field |
20181122081416.0 |
| 008 - ELEMENTOS DE LONGITUD FIJA -- INFORMACIÓN GENERAL |
| Campo fijo de descripción fija -- Información general |
140619s2014 miu g b 001 0 eng |
| 010 ## - NÚMERO DE CONTROL DE LA BIBLIOTECA DEL CONGRESO |
| Número de control LC |
2014017530 |
| 020 ## - NÚMERO INTERNACIONAL NORMALIZADO PARA LIBROS |
| Número Internacional Normalizado del libro |
9780801048975 |
| Información adicional |
pbk. |
| 020 ## - NÚMERO INTERNACIONAL NORMALIZADO PARA LIBROS |
| Número Internacional Normalizado del libro |
0801048974 |
| Información adicional |
pbk. |
| 040 ## - FUENTE DE CATALOGACIÓN |
| Agencia de catalogación original |
DLC |
| Idioma de catalogación |
spa |
| Convenciones de la descripción |
rda |
| Agencia que realiza la transcripción |
CO-MdFUSB |
| Agencia que realiza la modificación |
YDX |
| -- |
BTCTA |
| -- |
YDXCP |
| -- |
BDX |
| -- |
OCLCF |
| -- |
STU |
| -- |
OCLCO |
| -- |
CDX |
| -- |
WIO |
| -- |
OCLCQ |
| -- |
UtOrBLW |
| 041 ## - CÓDIGO DE IDIOMA |
| Código de idioma para texto/pista de sonido o título separado |
eng |
| 082 ## - NÚMERO DE CLASIFICACIÓN DECIMAL DEWEY |
| Número de la edición del Dewey |
24 |
| Número de clasificación |
G 231.044 |
| Clave de autor-Numero de item |
H761h |
| 245 04 - TÍTULO |
| Título del Material |
The holy trinity in the life of the church |
| Mención de responsabilidad, etc. |
/ editado por Khaled Anatolios. |
| 264 #1 - PRODUCCIÓN, PUBLICACIÓN, DISTRIBUCIÓN, MANUFACTURA, Y COPYRIGHT |
| Lugar de producción, publicación, distribución, manufactura |
Grand Rapids, Michigan : |
| Nombre del productor, publicador, distribuidor |
Baker Academic, |
| Fecha de producción, publicación, distribución, manufactura, o copyright |
℗2014 |
| 264 #4 - PRODUCCIÓN, PUBLICACIÓN, DISTRIBUCIÓN, MANUFACTURA, Y COPYRIGHT |
| Fecha de producción, publicación, distribución, manufactura, o copyright |
©2014 |
| 300 ## - DESCRIPCIÓN FÍSICA |
| Extensión |
xvii, 253 páginas ; |
| Dimensiones |
24 cm. |
| 336 ## - TIPO DE CONTENIDO |
| Fuente |
rdacontent. |
| Término de tipo de contenido |
texto |
| Código de tipo de contenido |
txt |
| 337 ## - TIPO DE MEDIO |
| Fuente |
rdamedia. |
| Nombre del tipo de medio |
sin mediación |
| Código del tipo de medio |
n |
| 338 ## - TIPO DE SOPORTE |
| Fuente |
rdacarrier. |
| Nombre del tipo de soporte |
volumen |
| Código Tipo de soporte |
nc |
| 490 ## - MENCIÓN DE SERIE |
| Mención de serie |
Holy Cross Studies in Patristic Theology and History |
| 501 ## - NOTA DE “CON” |
| Nota de Contenido |
Incluye índice (páginas 239- 253) |
| 505 00 - NOTA DE CONTENIDO |
| Título |
Orden bautismal (Mateo 28: 19-20) y la doctrina de la Trinidad / Joseph T. Lienhard -- Eucaristía y Trinidad en las liturgias de la iglesia primitiva / Robert J. Daly -- La naciente "trinitaria" adoración del martirio de Policarpo 14 y Efesios 1 / Paul A. Hartog -- Gregorio de Nyssa al conocer la Trinidad / Nonna Verna Harrison -- La Santísima Trinidad como la dinámica de la salvación del mundo en los padres griegos / John Anthony McGuckin -- Maximus el confesor y John de Damasco sobre la Trinidad / Brian E. Daley -- Deificación en Agustín: ¿Plotiniano o trinitario? / Matthew Drever -- Justificación como declaración y deificación / Bruce D. Marshall -- Persona, comunión y la Trinidad en algunos textos patrísticos / Khaled Anatolios -- El ser trinitario de la iglesia / John Behr -- La relevancia del Ad Ablabium de Gregorio de Nyssa para el diálogo ecuménico católico-ortodoxo sobre la Trinidad y la iglesia / Thomas Cattoi -- Tradición cristiana siríaca y género en teología trinitaria / Kathleen McVey -- Conclusión: Un Dios en quien vivimos: ministrando al Dios trinitario / Brian E. Daley . |
| 563 ## - NOTA DE ENCUADERNACIÓN |
| Nota de encuadernación |
Rústico. |
| 650 #7 - ASIENTO SECUNDARIO DE MATERIA - TERMINO TEMÁTICO |
| Término temático o nombre geográfico como elemento de entrada |
Trinidad |
| 9 (RLIN) |
177 |
| 700 1# - ASIENTO SECUNDARIO - NOMBRE PERSONAL |
| Nombre personal |
Anatolios, Khaled, |
| Fechas asociadas con el nombre |
1962- |
| Responsabilidad |
editor. |
| 942 ## - TIPO DE MATERIAL (KOHA) |
| Tipo de Item KOHA |
Libros General |